| 000 | 00616nam a2200217 i 4500 | ||
|---|---|---|---|
| 001 | 175496 | ||
| 003 | ES-MaACL | ||
| 005 | 20230906215834.0 | ||
| 007 | t| | ||
| 008 | 101102s1983 sp r ||||1| spa d | ||
| 020 | _a84-300-9115-7 | ||
| 080 | _a821.134.2-22"19" | ||
| 100 | 1 |
_aMiralles, Alberto. _981482 |
|
| 245 | 1 | 0 |
_aSois como niƱos / _cde Alberto Miralles. |
| 260 |
_a[S. l. ] : _bAlberto Miralles, _cD. L. 1983. |
||
| 300 |
_a32 p. ; _c18 cm. |
||
| 490 | 1 |
_aLa avispa. Teatro ; _v0 |
|
| 830 | 0 |
_aLa avispa. Teatro ; _v0 _9189783 |
|
| 852 |
_aES-MaACL _j2264-F-1 _xOlim P-269 |
||
| 999 |
_c175496 _d175496 |
||